Inventario del Archivo Parroquial de Nuestra Señora de La Paz, Indaparapeo. Arquidiócesis de Morelia

Detalles Bibliográficos
Autor principal: López Ortiz, Gabriela Patricia
Formato: Libro
Lenguaje:English
Publicado: México 2025
Serie editorial:Inventarios civiles y eclesiásticos
Materias:
Colección:Publicaciones Adabi
Descripción Física:Digital
Tema general:Instrumento de descripción archivística
Notas:Los documentos del Archivo Parroquial de Nuestra Señora de la Paz, en Indaparapeo, abarcan el periodo 1645-2009, y su contenido se resguarda en 58 cajas AG-12. Lo registros se refieren a actas sacramentales (bautismos, matrimonios, defunciones) y a la vida pastoral y la administración de la parroquia (asociaciones, circulares, providencias, cuentas, fábrica, hospital). El archivo conserva testimonios históricos valiosos. Por ejemplo, documentos sacramentales que evidencian la clasificación de la sociedad en castas y españoles. En resumen, el archivo ofrece una visión de la vida en Indaparapeo a través del tiempo, complementada por una biblioteca adjunta con obras que van desde el Derecho canónico hasta la Teología.
Acceso en línea:
LEADER 01623nam a2200217 4500
005 20250616103054.0
008 250616b |||||||| |||| 00| 0 eng d
040 |a Adabi  |b spa  |e MARC 
041 |a Spa 
100 |a López Ortiz, Gabriela Patricia 
245 |a Inventario del Archivo Parroquial de Nuestra Señora de La Paz, Indaparapeo. Arquidiócesis de Morelia 
260 |a México  |b Adabi de México / Fundación Alfredo Harp Helú  |c 2025 
300 |b Digital 
490 |a Inventarios civiles y eclesiásticos  |b 464 
500 |a Los documentos del Archivo Parroquial de Nuestra Señora de la Paz, en Indaparapeo, abarcan el periodo 1645-2009, y su contenido se resguarda en 58 cajas AG-12. Lo registros se refieren a actas sacramentales (bautismos, matrimonios, defunciones) y a la vida pastoral y la administración de la parroquia (asociaciones, circulares, providencias, cuentas, fábrica, hospital). El archivo conserva testimonios históricos valiosos. Por ejemplo, documentos sacramentales que evidencian la clasificación de la sociedad en castas y españoles. En resumen, el archivo ofrece una visión de la vida en Indaparapeo a través del tiempo, complementada por una biblioteca adjunta con obras que van desde el Derecho canónico hasta la Teología. 
650 |a Instrumento de descripción archivística 
856 |u https://file.adabi.org.mx/recursos/publicaciones/inventarios/eclesiasticos/464.pdf  |y Ver recurso 
942 |2 ddc  |n 0  |c ADABIPUB 
943 |g Publicaciones Adabi 
952 |0 0  |1 0  |2 ddc  |4 0  |7 0  |9 9813  |a ADABI  |b ADABI  |d 2025-06-16  |l 0  |r 2025-06-16 10:30:39  |w 2025-06-16  |y ADABIPUB 
999 |c 1198896  |d 1198896